Kde je pan Kačer? /

Main Author: Arrhenius, Ingela P., 1967-
Corporate Author: Svojtka & Co. (nakladatelství)
Other Authors: Vyskočil, Josef
Language: Czech
Published: Praha : Svojtka & Co., 2021
Edition: První české vydání
Physical Description: 10 nečíslovaných stran : barevné ilustrace ; 19 cm
Book
Saved in:
LEADER 01698nam a2200469 i 4500
001 nkc20213352538
003 CZ PrNK
005 20260523164551.0
007 ta
008 210916s2021 xr a a 000 u cze
015 |a cnb003352538 
020 |a 978-80-256-2932-1  |q (vázáno) 
035 |a (OCoLC)1284974497 
040 |a ABG001  |b cze  |d ABA001  |e rda 
041 1 |a cze  |h eng 
072 7 |a 821-93-053.4  |x Literatura pro nejmenší děti  |2 Konspekt  |9 26 
080 |a 821-93-053.4  |2 MRF 
080 |a (0.025.2)  |2 MRF 
100 1 |a Arrhenius, Ingela P.,  |d 1967-  |7 xx0219288  |4 ill 
240 1 0 |a Where's Mr.Duck?.  |l Česky 
245 1 0 |a Kde je pan Kačer? /  |c Ingela P. Arrhenius 
250 |a První české vydání 
264 1 |a Praha :  |b Svojtka & Co.,  |c 2021 
300 |a 10 nečíslovaných stran :  |b barevné ilustrace ;  |c 19 cm 
336 |a text  |b txt  |2 rdacontent 
336 |a statický obraz  |b sti  |2 rdacontent 
337 |a bez média  |b n  |2 rdamedia 
338 |a svazek  |b nc  |2 rdacarrier 
500 |a Z angličtiny přeložil Josef Vyskočil 
500 |a Kartonové listy s výřezem s vlepenými plstěnými prvky a zrcátkem 
655 7 |a leporela  |7 fd132727  |2 czenas 
655 7 |a publikace pro nejmenší děti  |7 fd1060157  |2 czenas 
655 9 |a folding picture-books  |2 eczenas 
655 9 |a publications for small children  |2 eczenas 
700 1 |a Vyskočil, Josef  |7 ola2002106761  |4 trl 
710 2 |a Svojtka & Co. (nakladatelství)  |7 ko20251261577  |4 pbl 
910 2 |a BOA001  |b 1-1472.690 
920 |a 4612631  |z ABG001 
990 |a BK 
995 |a 01 
991 |b 202110  |c NOV 
996 6 |b 2610882469  |c 1-1472.690  |l MZK  |r Sklad / do 1 hodiny  |n 0  |p p.v.  |w 001866427  |u 000010  |a 1  |e BOA001  |j MZK50  |s P